Vlastná príjmová základňa národných výborov a ich hmotná zainteresovanosť kandidátska dizertačná práca

Salvato in:
Dettagli Bibliografici
Autore principale: Pichoňský, Ján
Ente Autore: Vysoká škola ekonomická v Bratislave. Národohospodárska fakulta
Altri autori: Lipták, Juraj
Natura: Libro
Lingua:slovacco
Pubblicazione: Bratislava 1985
Tags: Aggiungi Tag
Nessun Tag, puoi essere il primo ad aggiungerne!!

MARC

LEADER 00000nam a2200000 4500
001 c028704
005 20260108074610.0
041 0 |a slo 
044 |a SK 
245 1 0 |a Vlastná príjmová základňa národných výborov a ich hmotná zainteresovanosť  |b kandidátska dizertačná práca  |c Ján Pichoňský ; Ved. práce Juraj Lipták 
264 1 |a Bratislava  |c 1985 
300 |a 161 s. 
100 1 |a Pichoňský, Ján 
700 1 |a Lipták, Juraj 
710 2 |a Vysoká škola ekonomická v Bratislave. Národohospodárska fakulta